Pilot Society and the Energy Transition (Record no. 8318)

MARC details
000 -LEADER
fixed length control field 00985nam a2200121Ia 4500
008 - FIXED-LENGTH DATA ELEMENTS--GENERAL INFORMATION
fixed length control field 220615s9999||||xx |||||||||||||| ||und||
100 ## - MAIN ENTRY--PERSONAL NAME
Personal name Ryghaug, Marianne||Skjølsvold, Tomas Moe
245 #0 - TITLE STATEMENT
Title Pilot Society and the Energy Transition
Remainder of title The co-shaping of innovation, participation and politics
546 ## - LANGUAGE NOTE
Language note English[eng]
650 ## - SUBJECT ADDED ENTRY--TOPICAL TERM
Topical term or geographic name entry element Environmental Policy||Sociology, general||Energy Policy, Economics and Management||Environmental Geography||Human Geography||Environmental Social Sciences||Science and Technology Studies||Environmental Studies||energy citizenship||energy transitions||sustainability transitions||low carbon energy transitions||energy policy||social scientific studies of energy transitions||open access||Central / national / federal government policies||Sociology||Energy technology & engineering||Energy industries & utilities||Development & environmental geography
856 ## - ELECTRONIC LOCATION AND ACCESS
Uniform Resource Identifier <a href="https://library.oapen.org/bitstream/20.500.12657/47289/1/9783030611842.pdf">https://library.oapen.org/bitstream/20.500.12657/47289/1/9783030611842.pdf</a>
942 ## - ADDED ENTRY ELEMENTS (KOHA)
Koha item type E-Books
Holdings
Withdrawn status Lost status Damaged status Not for loan Home library Current library Date acquired Total Checkouts Date last seen Price effective from Koha item type
        Kerala University of Digital Sciences, Innovation and Technology Knowledge Centre Kerala University of Digital Sciences, Innovation and Technology Knowledge Centre 15/06/2022   15/06/2022 15/06/2022 E-Books